[Event "TUR-chT 2nd League"]
[Site "Denizli"]
[Date "2024.07.19"]
[Round "6.16"]
[White "Anil, Ali Fazil"]
[Black "Capraz, Arda"]
[Result "1/2-1/2"]
[WhiteElo "1981"]
[BlackElo "1688"]
[PlyCount "33"]
[EventDate "2024.07.15"]
[EventType "team-swiss"]
[EventRounds "9"]
[EventCountry "TUR"]
[SourceTitle "EXT 2025"]
[Source "ChessBase"]
[SourceDate "2024.10.14"]
[SourceVersion "1"]
[SourceVersionDate "2024.10.14"]
[SourceQuality "1"]
[WhiteTeam "Celik"]
[BlackTeam "Malatya Yesilyurt"]
[WhiteTeamCountry "TUR"]
[BlackTeamCountry "TUR"]

1. e4 c5 2. Nf3 Nc6 3. Bb5 a6 4. Bxc6 bxc6 5. 0-0 d5 6. d3 Bg4 7. c4 d4 8. Qa4 Bd7 9. Ne5 Qc8 10. Nd2 e6 11. Ndf3 f6 12. Nxd7 Qxd7 13. Rb1 e5 14. Bd2 a5 15. b4 cxb4 16. Bxb4 c5 17. Bd2 1/2-1/2

[Event "TUR-chT 2nd League"]
[Site "Denizli"]
[Date "2024.07.18"]
[Round "5.15"]
[White "Anil, Ali Fazil"]
[Black "Sabahi, Ali Can"]
[Result "0-1"]
[WhiteElo "1981"]
[BlackElo "1865"]
[PlyCount "61"]
[EventDate "2024.07.15"]
[EventType "team-swiss"]
[EventRounds "9"]
[EventCountry "TUR"]
[SourceTitle "EXT 2025"]
[Source "ChessBase"]
[SourceDate "2024.10.14"]
[SourceVersion "1"]
[SourceVersionDate "2024.10.14"]
[SourceQuality "1"]
[WhiteTeam "Celik"]
[BlackTeam "Karaman Yunus Emre"]
[WhiteTeamCountry "TUR"]
[BlackTeamCountry "TUR"]

1. e4 c5 2. Nf3 d6 3. Bb5+ Bd7 4. Bxd7+ Nxd7 5. 0-0 e6 6. Nc3 Ngf6 7. d4 cxd4 8. Qxd4 a6 9. Bg5 Be7 10. Rad1 0-0 11. e5 dxe5 12. Nxe5 Nxe5 13. Qxe5 Qc8 14. Rd4 Nd7 15. Qg3 f6 16. Bh6 Rf7 17. Rfd1 Nf8 18. Bc1 Qc6 19. h4 Re8 20. Qd3 f5 21. Rc4 Qb6 22. Qe3 Qxe3 23. Bxe3 Bf6 24. g3 h6 25. a4 g5 26. hxg5 hxg5 27. a5 Ng6 28. Bd4 Bxd4 29. Rdxd4 Ne5 30. Kg2 Nxc4 31. Rxc4 0-1

[Event "TUR-chT 2nd League"]
[Site "Denizli"]
[Date "2024.07.16"]
[Round "2.12"]
[White "Guner, Bulent"]
[Black "Anil, Ali Fazil"]
[Result "1/2-1/2"]
[WhiteElo "1944"]
[BlackElo "1981"]
[PlyCount "70"]
[EventDate "2024.07.15"]
[EventType "team-swiss"]
[EventRounds "9"]
[EventCountry "TUR"]
[SourceTitle "EXT 2025"]
[Source "ChessBase"]
[SourceDate "2024.10.14"]
[SourceVersion "1"]
[SourceVersionDate "2024.10.14"]
[SourceQuality "1"]
[WhiteTeam "Duzce AS"]
[BlackTeam "Celik"]
[WhiteTeamCountry "TUR"]
[BlackTeamCountry "TUR"]

1. d4 Nf6 2. c4 e6 3. Nf3 Bb4+ 4. Bd2 Qe7 5. g3 Nc6 6. Bg2 0-0 7. 0-0 Bxd2 8. Nbxd2 d6 9. Qc2 e5 10. e3 h6 11. d5 Nb8 12. b4 a5 13. a3 Na6 14. Qc3 Bd7 15. Rfc1 c6 16. Ne1 cxd5 17. cxd5 Rfc8 18. Qb2 axb4 19. axb4 Qd8 20. Nc4 Bb5 21. Qb3 Bxc4 22. Rxc4 Qb6 23. Rac1 Rxc4 24. Rxc4 Nc7 25. Rc1 Na6 26. Rb1 Rc8 27. Nc2 Kf8 28. Na3 Ke7 29. h3 Qc7 30. Qa4 Qd7 31. Qa5 Qc7 32. Qb5 Qd7 33. Qb6 Qc7 34. Qb5 Qd7 35. Qa5 Qc7 1/2-1/2

[Event "IECC M1-2015.T022"]
[Site "IECC email"]
[Date "2015.06.24"]
[Round "?"]
[White "Anil, Ali Fazil"]
[Black "Cuaycong, Virgilio"]
[Result "0-1"]
[WhiteElo "1834"]
[BlackElo "1678"]
[PlyCount "26"]
[EventDate "2015.??.??"]
[EventType "match (corr)"]
[EventRounds "2"]
[SourceTitle "Corr 2020"]
[Source "ChessBase"]
[SourceDate "2019.09.30"]
[SourceVersion "1"]
[SourceVersionDate "2019.09.30"]
[SourceQuality "1"]
[WhiteTeam "Turkey"]
[BlackTeam "Philippines"]
[WhiteTeamCountry "TUR"]
[BlackTeamCountry "PHI"]

1. d4 Nf6 2. Nf3 g6 3. c4 d5 4. cxd5 Nxd5 5. g3 Bg7 6. Bg2 Nb6 7. 0-0 Nc6 8. e3 0-0 9. Nc3 Re8 10. Nh4 a5 11. f4 a4 12. Rf2 Nb4 13. Ne4 c6 0-1

[Event "IECC M1-2014.T028"]
[Site "IECC email"]
[Date "2014.09.27"]
[Round "?"]
[White "Balleste, Orlando Peraza"]
[Black "Anil, Ali Fazil"]
[Result "1-0"]
[WhiteElo "2085"]
[BlackElo "1847"]
[PlyCount "32"]
[EventDate "2014.??.??"]
[EventType "match (corr)"]
[EventRounds "2"]
[SourceTitle "Corr 2020"]
[Source "ChessBase"]
[SourceDate "2019.09.30"]
[SourceVersion "1"]
[SourceVersionDate "2019.09.30"]
[SourceQuality "1"]
[WhiteTeam "Cuba"]
[BlackTeam "Turkey"]
[WhiteTeamCountry "CUB"]
[BlackTeamCountry "TUR"]

1. d4 Nf6 2. c4 e6 3. Nf3 Bb4+ 4. Bd2 Qe7 5. g3 Nc6 6. Bg2 Bxd2+ 7. Nbxd2 d6 8. 0-0 0-0 9. Nb1 e5 10. e3 Bg4 11. h3 Bh5 12. g4 Bg6 13. Nc3 h6 14. Qb3 Rab8 15. Rad1 Bh7 16. Nd5 Qd8 1-0

[Event "IECC CL3-2013.01 email"]
[Site "IECC email"]
[Date "2013.02.23"]
[Round "?"]
[White "Anil, Ali Fazil"]
[Black "Martins, Karin"]
[Result "1/2-1/2"]
[WhiteElo "1821"]
[BlackElo "1867"]
[PlyCount "27"]
[EventDate "2013.??.??"]
[EventType "tourn (corr)"]
[EventRounds "4"]
[SourceTitle "Corr 2015"]
[Source "ChessBase"]
[SourceDate "2015.07.17"]
[SourceVersion "1"]
[SourceVersionDate "2015.07.17"]
[SourceQuality "1"]
[WhiteTeam "Turkey"]
[BlackTeam "Germany"]
[WhiteTeamCountry "TUR"]
[BlackTeamCountry "GER"]

1. e4 e5 2. Nf3 Nc6 3. Bb5 a6 4. Ba4 Nf6 5. 0-0 b5 6. Bb3 Bc5 7. d3 Bb7 8. Nc3 d6 9. a4 b4 10. Nd5 Na5 11. Nxf6+ Qxf6 12. Ba2 Bc8 13. Bg5 Qg6 14. Qd2 1/2-1/2